[Event "FAI-chT3 1617"]
[Site "Faroe Islands"]
[Date "2017.01.28"]
[Round "5.1"]
[White "Christiansen, Esbern"]
[Black "Jacobsen, Eivind"]
[Result "1-0"]
[WhiteElo "1809"]
[BlackElo "1780"]
[PlyCount "87"]
[EventDate "2016.10.23"]
[EventType "team-tourn"]
[EventRounds "9"]
[EventCountry "FAI"]
[SourceTitle "EXT 2020"]
[Source "ChessBase"]
[SourceDate "2019.10.17"]
[SourceVersion "1"]
[SourceVersionDate "2019.10.17"]
[SourceQuality "1"]
[WhiteTeam "Klaksvik III"]
[BlackTeam "Kollafjordur II"]
[WhiteTeamCountry "FAI"]
[BlackTeamCountry "FAI"]

1. e4 c6 2. d4 d5 3. exd5 cxd5 4. c4 Nf6 5. Nf3 Nc6 6. c5 Bg4 7. Be2 e6 8. Nc3 Be7 9. a3 0-0 10. 0-0 b6 11. b4 Ne4 12. Bb2 Nxc3 13. Bxc3 bxc5 14. dxc5 Bf6 15. Bxf6 Qxf6 16. b5 Bxf3 17. Bxf3 Nd4 18. a4 a6 19. b6 Nxf3+ 20. Qxf3 Qxf3 21. gxf3 Rac8 22. Rfc1 Rc6 23. Rab1 Rb8 24. a5 Rb7 25. Kg2 f6 26. Rb2 Kf7 27. Rd2 Rd7 28. f4 Ke8 29. Re2 Kf7 30. Kf3 h6 31. Ke3 e5 32. Kd3 Ke6 33. fxe5 fxe5 34. f4 e4+ 35. Kd4 Kf5 36. Rb2 e3 37. b7 Re6 38. b8Q Re4+ 39. Kd3 Ree7 40. c6 Rc7 41. Qf8+ Kg4 42. Rg1+ Kf3 43. Qf5 e2 44. Qg4+ 1-0

[Event "FAI-chT 1617"]
[Site "Faroe Islands"]
[Date "2016.10.30"]
[Round "2.4"]
[White "Jacobsen, Eivind"]
[Black "Skaale, Janus"]
[Result "1/2-1/2"]
[WhiteElo "1780"]
[BlackElo "1769"]
[PlyCount "96"]
[EventDate "2016.10.23"]
[EventType "team-tourn"]
[EventRounds "10"]
[EventCountry "FAI"]
[SourceTitle "EXT 2020"]
[Source "ChessBase"]
[SourceDate "2019.10.17"]
[SourceVersion "1"]
[SourceVersionDate "2019.10.17"]
[SourceQuality "1"]
[WhiteTeam "Kollafjordur"]
[BlackTeam "Klaksvik II"]
[WhiteTeamCountry "FAI"]
[BlackTeamCountry "FAI"]

1. e4 c5 2. f4 d6 3. Nf3 Nf6 4. Nc3 Nc6 5. Bb5 a6 6. Bxc6+ bxc6 7. d3 e6 8. b3 Be7 9. g3 Bb7 10. Bd2 d5 11. e5 Nd7 12. Qe2 a5 13. Na4 Nb6 14. Nxb6 Qxb6 15. 0-0 0-0 16. h3 a4 17. Be3 d4 18. Bf2 axb3 19. axb3 Ra5 20. Nd2 Qa7 21. Rxa5 Qxa5 22. Nc4 Qc7 23. Ra1 Ra8 24. Qe1 Ra6 25. Rxa6 Bxa6 26. Qa5 Qxa5 27. Nxa5 Bb5 28. Nb7 Kf8 29. Be1 Ke8 30. Ba5 Ba6 31. Nd6+ Bxd6 32. exd6 Kd7 33. Bc7 f6 34. Kf2 g6 35. g4 h6 36. h4 h5 37. gxh5 gxh5 38. Kf3 f5 39. Ke2 Bc8 40. Kd2 Ba6 41. Bb8 Bb5 42. Kc1 Ba6 43. Kb2 Bc8 44. c3 dxc3+ 45. Kxc3 Ba6 46. d4 cxd4+ 47. Kxd4 Be2 48. b4 Bf1 1/2-1/2